| 000 -ლიდერი |
| ფიქსირებული სიგრძის საკონტროლო ველი |
00897nam a2200241Ia 4500 |
| 001 - საკონტროლო ნომერი |
| საკონტროლო ველი |
3817 |
| 003 - საკონტროლო ნომრის იდენტიფიკატორი |
| საკონტროლო ველი |
GE_BSU |
| 005 - ბოლო ოპერაციის თარიღი და დრო |
| საკონტროლო ველი |
20190822173121.0 |
| 008 - ფიქსირებული სიგრძის მონაცემთა ელემენტები - ზოგადი ინფორმაცია |
| ფიქსირებული სიგრძის საკონტროლო ველი |
181216s1974||||ge |||||||||||||| ||geo|| |
| 040 ## - კატალოგიზაციის წყარო |
| Transcribing agency |
GE_BSU |
| 041 ## - ენის კოდი |
| Language code of text/sound track or separate title |
geo |
| 080 ## - უნივერსალური ათობითი კლასიფიკაციის ინდექსი |
| Universal Decimal Classification number |
27–14 გ–29 |
| 100 ## - მთავარი ჩანაწერი - პიროვნების სახელი |
| Personal name |
გელაშვილი, ა. |
| 9 (RLIN) |
3747 |
| 245 ## - ცნობა სათაურის შესახებ |
| Title |
სამყარო, ღმერთი და ადამიანი / |
| Statement of responsibility, etc |
რედ. რ. მეგრელიშვილი. |
| 264 ## - წარმოების, გამოცემის, დისტრიბუციის და სხვა ცნობები |
| გამოცემის, წარმოების, დისტრიბუციის... ადგილი |
თბ. : |
| გამოცემის, წარმოების, დისტრიბუციის... სახელწოდება |
საბჭ. საქართველო, |
| გამოცემის, წარმოების, დისტრიბუციის... თარიღი |
1974. |
| 300 ## - ფიზიკური აღწერა |
| Extent |
138 გვ. ; |
| Other physical details |
20 სმ. |
| 653 ## - INDEX TERM--UNCONTROLLED |
| Uncontrolled term |
სამყარო |
| 653 ## - INDEX TERM--UNCONTROLLED |
| Uncontrolled term |
ღმერთის არსებობა |
| 653 ## - INDEX TERM--UNCONTROLLED |
| Uncontrolled term |
ადამიანის შექმნა |
| 700 ## - ADDED ENTRY--PERSONAL NAME |
| Personal name |
მეგრელიშვილი, რ. |
| Relator term |
რედაქტორი |
| 9 (RLIN) |
3748 |
| 942 ## - ADDED ENTRY ELEMENTS (KOHA) |
| Koha item type |
წიგნი |
| Source of classification or shelving scheme |
|